The making of the modern self : (Record no. 22060)
[ view plain ]
| 000 -LEADER | |
|---|---|
| fixed length control field | 02153cam a22003375a 4500 |
| 001 - CONTROL NUMBER | |
| control field | 13466884 |
| 005 - DATE AND TIME OF LATEST TRANSACTION | |
| control field | 20161005161240.0 |
| 008 - FIXED-LENGTH DATA ELEMENTS--GENERAL INFORMATION | |
| fixed length control field | 040123s2006 ctua frb 001 0 eng d |
| 010 ## - LIBRARY OF CONGRESS CONTROL NUMBER | |
| LC control number | 2004001544 |
| 020 ## - INTERNATIONAL STANDARD BOOK NUMBER | |
| International Standard Book Number | 0300121393 |
| 020 ## - INTERNATIONAL STANDARD BOOK NUMBER | |
| International Standard Book Number | 9780300121391 |
| 040 ## - CATALOGING SOURCE | |
| Original cataloging agency | DLC |
| Language of cataloging | eng |
| Transcribing agency | DLC |
| Modifying agency | EG-ScBUE |
| 043 ## - GEOGRAPHIC AREA CODE | |
| Geographic area code | e-uk--- |
| 082 04 - DEWEY DECIMAL CLASSIFICATION NUMBER | |
| Edition number | 22 |
| Classification number | 126.094109033 |
| Item number | WAH |
| 100 1# - MAIN ENTRY--PERSONAL NAME | |
| Personal name | Wahrman, Dror. |
| 9 (RLIN) | 40514 |
| 245 14 - TITLE STATEMENT | |
| Title | The making of the modern self : |
| Remainder of title | identity and culture in eighteenth-century England / |
| Statement of responsibility, etc | Dror Wahrman. |
| 260 ## - PUBLICATION, DISTRIBUTION, ETC. (IMPRINT) | |
| Place of publication, distribution, etc | New Haven, Connecticut : |
| Name of publisher, distributor, etc | Yale University Press, |
| Date of publication, distribution, etc | 2006. |
| 300 ## - PHYSICAL DESCRIPTION | |
| Extent | xviii, 414 p. : |
| Other physical details | ill. ; |
| Dimensions | 25 cm. |
| 500 ## - GENERAL NOTE | |
| General note | Originally published: 2004. |
| 500 ## - GENERAL NOTE | |
| General note | Index : p. 403-414. |
| 504 ## - BIBLIOGRAPHY, ETC. NOTE | |
| Bibliography, etc | Bibliography : p. 322-402. |
| 505 ## - FORMATTED CONTENTS NOTE | |
| Formatted contents note | Before the Self: The Ancien Régime identity and the revolution --<br/>PartI : Snapshot: On queen bees and being queens: Varieties of gender in eighteenth century England -- Gender identities and the limits of cultural history -- Climate, civilization, and complexion: varieties of race -- Wide angle lens: gender, race class, and other animals -- Part II : Bird's-eye view: the eighteenth-century masquerade -- The Ancien Régime of identity -- Religion, commerce, and empire: enabling contexts of identity's Ancien Régime -- The Ancien Régime and the revolution -- The modern regime of selfhood -- The panoramic view: making an example of the French. |
| 520 ## - SUMMARY, ETC. | |
| Summary, etc | Wahrman argues that toward the end of the 18th century there was a radical change in notions of self & personal identity - a sudden transformation that was a revolution in the understanding of selfhood & of identity categories including race, gender, & class. |
| 650 #7 - SUBJECT ADDED ENTRY--TOPICAL TERM | |
| Topical term or geographic name as entry element | Identity (Psychology) |
| Geographic subdivision | Great Britain |
| General subdivision | History |
| Chronological subdivision | 18th century. |
| Source of heading or term | BUEsh |
| 9 (RLIN) | 40513 |
| 650 #7 - SUBJECT ADDED ENTRY--TOPICAL TERM | |
| Topical term or geographic name as entry element | Self (Philosophy) |
| Geographic subdivision | Great Britain |
| General subdivision | History |
| Chronological subdivision | 18th century. |
| Source of heading or term | BUEsh |
| 9 (RLIN) | 40512 |
| 651 #7 - SUBJECT ADDED ENTRY--GEOGRAPHIC NAME | |
| Geographic name | Great Britain |
| General subdivision | Civilization |
| Chronological subdivision | 18th century. |
| Source of heading or term | BUEsh |
| 9 (RLIN) | 19779 |
| 653 ## - INDEX TERM--UNCONTROLLED | |
| Resource For college | |
| Arrived date list | July2016 |
| 653 ## - INDEX TERM--UNCONTROLLED | |
| Resource For college | Humanities: English |
| Arrived date list | October2016 |
| 856 41 - ELECTRONIC LOCATION AND ACCESS | |
| Materials specified | Table of contents |
| Uniform Resource Identifier | <a href="http://www.loc.gov/catdir/toc/ecip0414/2004001544.html">http://www.loc.gov/catdir/toc/ecip0414/2004001544.html</a> |
| 942 ## - ADDED ENTRY ELEMENTS (KOHA) | |
| Source of classification or shelving scheme | Dewey Decimal Classification |
| Call number prefix | 126.094109033 WAH |
| Edition | 22 |
| Withdrawn status | Item status | Source of classification or shelving scheme | Damaged status | Not for loan | Home library | Current library | Shelving location | Date acquired | Source of acquisition | Cost, normal purchase price | Serial Enumeration / chronology | Total Checkouts | Total Renewals | Full call number | Barcode | Date last seen | Date last borrowed | Cost, replacement price | Koha item type | Vendor |
|---|---|---|---|---|---|---|---|---|---|---|---|---|---|---|---|---|---|---|---|---|
| Dewey Decimal Classification | Central Library | Central Library | Lower Floor | 28/07/2016 | Purchase | 414.00 | 25868 | 1 | 7 | 126.094109033 WAH | 000033064 | 28/10/2025 | 15/06/2025 | 687.00 | Book - Borrowing | |||||
| Dewey Decimal Classification | Central Library | Central Library | Lower Floor | 05/10/2016 | Purchase | 290.00 | 26103 | 126.094109033 WAH | 000033505 | 15/07/2025 | 363.00 | Book - Borrowing | Baccah |